[Event "Hillerod Byturnering 2017 Basis 2"]
[Site "Hillerod"]
[Date "????.??.??"]
[Round "1"]
[White "Christoffersen, Micki Aron"]
[Black "Jarulf, Birger"]
[Result "0-1"]
[WhiteElo "1420"]
[BlackElo "1676"]
[PlyCount "140"]
[EventType "tourn"]
[EventRounds "7"]
[EventCountry "DEN"]

1. e4 b6 2. Nf3 Bb7 3. Nc3 e6 4. d4 Bb4 5. Bd2 Bxc3 6. Bxc3 Bxe4 7. Bd3 Bxd3 8.
Qxd3 Nf6 9. O-O-O d5 10. Ne5 O-O 11. f3 Nbd7 12. Rde1 Nxe5 13. Rxe5 Nd7 14.
Ree1 c6 15. g4 Nf6 16. g5 Nh5 17. Reg1 g6 18. Rg4 Qc7 19. Qe3 a5 20. f4 b5 21.
Qe5 Rfc8 22. Re1 b4 23. Bd2 c5 24. dxc5 Qxe5 25. Rxe5 Rxc5 26. b3 Rac8 27. Re2
Rxc2+ 28. Kb1 Ng7 29. Rgg2 Nf5 30. Be1 Rxe2 31. Rxe2 Nd6 32. Kb2 Ne4 33. a3 Rb8
34. Bg3 Kf8 35. Bf2 Ke7 36. Bd4 bxa3+ 37. Kxa3 Rb4 38. Be5 Nd6 39. Bc3 Nb5+ 40.
Kb2 Nxc3 41. Kxc3 Rxf4 42. Ra2 Rg4 43. Rxa5 Rxg5 44. b4 Kd6 45. Ra6+ Ke5 46. b5
Rg1 47. b6 Rb1 48. Ra7 Rxb6 49. Rxf7 h5 50. Rf2 Rb1 51. Re2+ Kf6 52. Rf2+ Kg7
53. Re2 Rb6 54. Kd4 Rb4+ 55. Kc5 Re4 56. Rf2 d4 57. Kc4 e5 58. Kd3 Re3+ 59. Kd2
g5 60. Rf1 g4 61. Rg1 Kf6 62. Rf1+ Kg5 63. Rf2 Kh4 64. Rf6 Kh3 65. Rf2 h4 66.
Kd1 g3 67. hxg3 hxg3 68. Rf5 e4 69. Rd5 d3 70. Kd2 Re2+ 0-1

[Event "Hillerod Byturnering 2017 Basis 2"]
[Site "Hillerod"]
[Date "????.??.??"]
[Round "1"]
[White "Eliasen, Rune"]
[Black "Pedersen, Jan"]
[Result "1-0"]
[WhiteElo "1651"]
[BlackElo "1529"]
[PlyCount "37"]
[EventType "tourn"]
[EventRounds "7"]
[EventCountry "DEN"]

1. e4 e5 2. Bc4 Be7 3. d3 Nf6 4. Nf3 Nc6 5. c3 Na5 6. Bb3 Nxb3 7. axb3 d6 8. h3
O-O 9. Be3 b6 10. Nbd2 Be6 11. Nf1 a5 12. Ng3 Qd7 13. Ng5 h6 14. Nxe6 Qxe6 15.
Nf5 Nh7 16. Qg4 g5 17. h4 Rae8 18. hxg5 Qg6 19. Rxh6 1-0

[Event "Hillerod Byturnering 2017 Basis 2"]
[Site "Hillerod"]
[Date "????.??.??"]
[Round "1"]
[White "Hein, Jacob"]
[Black "Rosenkilde, Eilif"]
[Result "0-1"]
[WhiteElo "1475"]
[BlackElo "1655"]
[PlyCount "142"]
[EventType "tourn"]
[EventRounds "7"]
[EventCountry "DEN"]

1. d4 d5 2. Bf4 Bf5 3. a3 e6 4. Bg3 c5 5. e4 Qa5+ 6. Nc3 dxe4 7. Bxb8 Rxb8 8.
Bb5+ Ke7 9. dxc5 Rd8 10. Qe2 a6 11. b4 Qc7 12. Bc4 Qe5 13. Qe3 Nf6 14. Nf3 Qc7
15. Nh4 g6 16. Nxf5+ exf5 17. h3 Bg7 18. Rd1 Rxd1+ 19. Nxd1 Rd8 20. O-O f4 21.
Qb3 Kf8 22. Nc3 e3 23. fxe3 fxe3 24. Ne2 Re8 25. Rf3 Qe7 26. Kf1 h5 27. Ke1 Bh6
28. g4 h4 29. b5 axb5 30. Bxb5 Rc8 31. c6 bxc6 32. Qc3 Bg5 33. Bc4 Rc7 34. Nf4
Qe8 35. Qa5 Bxf4 36. Rxf4 Qe7 37. Ke2 Nd5 38. Rf3 Qe5 39. Bxd5 cxd5 40. Rxe3
Qh2+ 41. Ke1 Qg1+ 42. Kd2 Qf2+ 43. Re2 Qd4+ 44. Ke1 Qc3+ 45. Qxc3 Rxc3 46. Re5
Rxa3 47. Rxd5 Rxh3 48. Rd3 Rxd3 49. cxd3 Ke7 50. Kf2 g5 51. Kf3 Ke6 52. Ke4 f6
53. d4 h3 54. Kf3 h2 55. Kg2 Kd5 56. Kxh2 Kxd4 57. Kg2 Ke4 58. Kg3 Ke3 59. Kg2
Kf4 60. Kh3 Kf3 61. Kh2 Kxg4 62. Kg2 Kh4 63. Kh2 g4 64. Kg2 f5 65. Kh2 f4 66.
Kg2 f3+ 67. Kh1 g3 68. Kg1 Kh3 69. Kh1 g2+ 70. Kg1 f2+ 71. Kxf2 Kh2 0-1

[Event "Hillerod Byturnering 2017 Basis 2"]
[Site "Hillerod"]
[Date "????.??.??"]
[Round "1"]
[White "Jorgensen, Orla Eilegaard"]
[Black "Rabjerg, Hans Rasmus"]
[Result "1/2-1/2"]
[WhiteElo "1731"]
[BlackElo "1597"]
[PlyCount "82"]
[EventType "tourn"]
[EventRounds "7"]
[EventCountry "DEN"]

1. e4 e6 2. d4 d5 3. e5 c5 4. Bb5+ Bd7 5. Bxd7+ Qxd7 6. c3 Nc6 7. Nf3 Nge7 8.
Bg5 Nf5 9. O-O h6 10. Be3 Be7 11. Nbd2 c4 12. b3 b5 13. bxc4 bxc4 14. a4 Na5
15. Rb1 O-O 16. Rb5 a6 17. Rb1 Rfb8 18. Qc2 Rb7 19. Rxb7 Qxb7 20. Rb1 Qc7 21.
Qb2 Ra7 22. Qb8+ Qxb8 23. Rxb8+ Kh7 24. Nf1 Nxe3 25. Nxe3 Ba3 26. Nd2 Rb7 27.
Rxb7 Nxb7 28. Nb1 Bb2 29. Nc2 Kg6 30. Nb4 a5 31. Nc6 Kf5 32. f3 h5 33. h4 g5
34. hxg5 Kxg5 35. g3 Bc1 36. Kf2 h4 37. gxh4+ Kxh4 38. Ne7 Bg5 39. Nc6 Kh3 40.
Na3 Bd2 41. Nb1 Bg5 1/2-1/2

[Event "Hillerod Byturnering 2017 Basis 2"]
[Site "Hillerod"]
[Date "????.??.??"]
[Round "2"]
[White "Hein, Jacob"]
[Black "Jorgensen, Orla Eilegaard"]
[Result "0-1"]
[WhiteElo "1475"]
[BlackElo "1731"]
[PlyCount "70"]
[EventType "tourn"]
[EventRounds "7"]
[EventCountry "DEN"]

1. e4 c5 2. Nf3 a6 3. a4 d6 4. d4 cxd4 5. Nxd4 Nc6 6. Nc3 Nf6 7. Bg5 e5 8. Nf5
Bxf5 9. exf5 Be7 10. Bxf6 Bxf6 11. Bc4 Nd4 12. Qh5 O-O 13. O-O Qd7 14. Nd5 Qd8
15. Ra3 Rc8 16. Rh3 h6 17. Bd3 Nxc2 18. Ne3 Nxe3 19. fxe3 d5 20. Rd1 Qe7 21.
Rg3 Kh8 22. Qg4 e4 23. Bb1 Bxb2 24. Rd4 Bxd4 25. exd4 Rc1+ 26. Kf2 Qf6 27. Rb3
Qxd4+ 28. Kg3 Rxb1 29. Rxb1 Qd3+ 30. Kh4 Qxb1 31. f6 g6 32. Qd7 e3 33. Qe7 Kg8
34. Qxe3 Qe4+ 35. Qxe4 dxe4 0-1

[Event "Hillerod Byturnering 2017 Basis 2"]
[Site "Hillerod"]
[Date "????.??.??"]
[Round "2"]
[White "Pedersen, Jan"]
[Black "Christoffersen, Micki Aron"]
[Result "0-1"]
[WhiteElo "1529"]
[BlackElo "1420"]
[PlyCount "118"]
[EventType "tourn"]
[EventRounds "7"]
[EventCountry "DEN"]

1. d4 Nf6 2. c4 e6 3. Nc3 d5 4. Bg5 Be7 5. cxd5 Nxd5 6. Bxe7 Qxe7 7. e3 O-O 8.
Nf3 Nc6 9. a3 Rd8 10. Bd3 e5 11. Nxd5 Rxd5 12. dxe5 Rd8 13. O-O Bg4 14. Qc2 g6
15. Be2 Nxe5 16. Nxe5 Bxe2 17. Nxg6 hxg6 18. Qxe2 Rd6 19. Rfd1 Rad8 20. Rxd6
Qxd6 21. f4 Qd2 22. Kf2 Kg7 23. g4 a5 24. h4 c5 25. b3 Qc3 26. Rd1 Rxd1 27.
Qxd1 Qb2+ 28. Kf3 Qxa3 29. Qc2 b5 30. Qc3+ Kg8 31. Qf6 Qxb3 32. Qd8+ Kg7 33. g5
c4 34. Qf6+ Kg8 35. Qd8+ Kh7 36. h5 Qd3 37. hxg6+ Qxg6 38. Qxa5 Qc6+ 39. Ke2 c3
40. Qa1 Qc4+ 41. Ke1 Qd3 42. Qd1 Qxe3+ 43. Qe2 Qc1+ 44. Qd1 Qb2 45. Qd3+ Kg7
46. Qd4+ Kg6 47. Qf6+ Kh5 48. Qxf7+ Kg4 49. Qe6+ Kxf4 50. Qd6+ Kxg5 51. Qg3+
Kf5 52. Qd3+ Ke5 53. Qe3+ Kd5 54. Qd3+ Kc5 55. Qe3+ Kb4 56. Qd4+ Ka3 57. Qc5+
Ka2 58. Qd5+ Kb1 59. Qd1+ Qc1 0-1

[Event "Hillerod Byturnering 2017 Basis 2"]
[Site "Hillerod"]
[Date "????.??.??"]
[Round "2"]
[White "Rabjerg, Hans Rasmus"]
[Black "Eliasen, Rune"]
[Result "1/2-1/2"]
[WhiteElo "1597"]
[BlackElo "1651"]
[PlyCount "85"]
[EventType "tourn"]
[EventRounds "7"]
[EventCountry "DEN"]

1. c4 Nf6 2. Nc3 g6 3. g3 Bg7 4. Bg2 d6 5. e4 O-O 6. Nge2 e5 7. O-O Nbd7 8. d3
Nc5 9. f4 c6 10. b4 Ne6 11. fxe5 dxe5 12. b5 Qb6+ 13. Kh1 Ng4 14. Qe1 Ne3 15.
Bxe3 Qxe3 16. Rd1 Nd4 17. Qd2 Qxd2 18. Rxd2 Bh6 19. Rb2 Bg4 20. bxc6 bxc6 21.
Nxd4 exd4 22. Na4 Rab8 23. Rfb1 Rxb2 24. Rxb2 Bd1 25. Nc5 Bc1 26. Rb1 Ba3 27.
Rxd1 Bxc5 28. Rb1 Bb6 29. a4 c5 30. g4 Rb8 31. h3 Bc7 32. Rb5 a6 33. Rxb8+ Bxb8
34. Kg1 Bf4 35. Kf2 g5 36. Kf3 Be5 37. Bh1 Kf8 38. Ke2 Ke7 39. Bg2 Kd7 40. Bf3
Kc6 41. Kd2 Kb6 42. Kc2 Ka5 43. Kb3 1/2-1/2

[Event "Hillerod Byturnering 2017 Basis 2"]
[Site "Hillerod"]
[Date "????.??.??"]
[Round "2"]
[White "Rosenkilde, Eilif"]
[Black "Jarulf, Birger"]
[Result "0-1"]
[WhiteElo "1655"]
[BlackElo "1676"]
[PlyCount "122"]
[EventType "tourn"]
[EventRounds "7"]
[EventCountry "DEN"]

1. e4 b6 2. d4 Bb7 3. Nc3 e6 4. Nf3 Bb4 5. Bd3 Nf6 6. Bg5 h6 7. Bxf6 Bxc3+ 8.
bxc3 Qxf6 9. Qe2 O-O 10. O-O d6 11. Rae1 e5 12. Bc4 Nd7 13. Bb3 a5 14. Ba4 Rfd8
15. Rd1 Nf8 16. Qe3 Ng6 17. Ne1 Qf4 18. Nd3 Qxe4 19. Qxe4 Bxe4 20. Rfe1 Bxd3
21. Rxd3 Rf8 22. Bc6 Rad8 23. Rde3 f5 24. Bd5+ Kh7 25. g3 Rf6 26. h4 h5 27. Kg2
Kh6 28. Bc4 f4 29. Rd3 Rdf8 30. Bd5 fxg3 31. fxg3 Rf2+ 32. Kh3 Rxc2 33. Rde3
Rff2 34. Rh1 Rce2 35. Rxe2 Rxe2 36. Rc1 Ne7 37. Bc4 Re3 38. dxe5 Rxe5 39. Bb3
Re3 40. Kg2 Ng6 41. Kf2 Re5 42. Bc2 Nf8 43. Kf3 Nd7 44. Rg1 Rc5 45. Kf4 Ne5 46.
Bf5 Rc4+ 47. Be4 Rxc3 48. Kf5 Rc5 49. Ke6 Ng4 50. Kf7 Nf6 51. Bb1 b5 52. Re1
Re5 53. Rc1 c5 54. Rd1 d5 55. Rf1 d4 56. Rf4 Nd5 57. Rf2 c4 58. Bf5 b4 59. g4
hxg4 60. Bxg4 Re4 61. Be6 Rf4+ 0-1

[Event "Hillerod Byturnering 2017 Basis 2"]
[Site "Hillerod"]
[Date "????.??.??"]
[Round "3"]
[White "Christoffersen, Micki Aron"]
[Black "Rabjerg, Hans Rasmus"]
[Result "0-1"]
[WhiteElo "1420"]
[BlackElo "1597"]
[PlyCount "62"]
[EventType "tourn"]
[EventRounds "7"]
[EventCountry "DEN"]

1. e4 d6 2. Nc3 e5 3. Nf3 Be7 4. Bc4 Nf6 5. O-O O-O 6. d4 exd4 7. Nxd4 Bg4 8.
Nf3 Nbd7 9. Bg5 h6 10. Be3 c6 11. Be2 Qc7 12. Nd4 Ne5 13. Bxg4 Nexg4 14. Nf5
Rfe8 15. Bf4 Rad8 16. Qd2 Qd7 17. Rad1 d5 18. Nxe7+ Rxe7 19. exd5 Nxd5 20. Nxd5
Qxd5 21. Qc1 Qa5 22. Rxd8+ Qxd8 23. b4 Qd4 24. c3 Qb6 25. Qd1 Nf6 26. c4 Re4
27. Be3 Qxb4 28. Qd8+ Kh7 29. Rc1 Qb2 30. Qd3 g6 31. Qb3 Qxc1+ 0-1

[Event "Hillerod Byturnering 2017 Basis 2"]
[Site "Hillerod"]
[Date "????.??.??"]
[Round "3"]
[White "Eliasen, Rune"]
[Black "Hein, Jacob"]
[Result "1-0"]
[WhiteElo "1651"]
[BlackElo "1475"]
[PlyCount "89"]
[EventType "tourn"]
[EventRounds "7"]
[EventCountry "DEN"]

1. e4 e5 2. Bc4 Nf6 3. d3 h6 4. Nf3 Bd6 5. c3 Nc6 6. Bb3 Qe7 7. Nbd2 b5 8. O-O
Nd8 9. Re1 Ne6 10. Nf1 Bb7 11. Ng3 g6 12. h3 Ng7 13. Be3 a5 14. Qd2 Ng8 15. d4
f5 16. dxe5 Bc5 17. Bxc5 Qxc5 18. Rad1 O-O-O 19. Bd5 c6 20. Bf7 Ne7 21. Qd6
Qxd6 22. exd6 Rdf8 23. dxe7 Rxf7 24. exf5 gxf5 25. Nh5 Ne6 26. Ne5 Rfh7 27. Nf6
Rg7 28. e8=Q+ Rxe8 29. Nxe8 Rg8 30. Nd6+ Kc7 31. Nxb7 Kxb7 32. Rxd7+ Kb6 33.
Rd6 Nf4 34. Rxc6+ Kb7 35. Rxh6 Nxg2 36. Kf1 f4 37. Rg6 Rxg6 38. Nxg6 Nxe1 39.
Kxe1 f3 40. h4 Kc7 41. h5 Kd7 42. h6 Ke6 43. h7 Kf6 44. h8=Q+ Kxg6 45. Qe5 1-0

[Event "Hillerod Byturnering 2017 Basis 2"]
[Site "Hillerod"]
[Date "????.??.??"]
[Round "3"]
[White "Jarulf, Birger"]
[Black "Pedersen, Jan"]
[Result "1-0"]
[WhiteElo "1676"]
[BlackElo "1529"]
[PlyCount "91"]
[EventType "tourn"]
[EventRounds "7"]
[EventCountry "DEN"]

1. d4 d5 2. Bf4 Nf6 3. e3 e6 4. Nd2 Bd6 5. Bg3 b6 6. Bd3 Ba6 7. f4 Bxd3 8. cxd3
O-O 9. Ngf3 c5 10. Nb3 cxd4 11. Nbxd4 Nbd7 12. O-O Bc5 13. Qe2 Rc8 14. Nb3 Rc6
15. Ne5 Rc7 16. Kh1 Qc8 17. Rac1 Qa6 18. a3 Rfc8 19. Nxd7 Nxd7 20. Qd2 Nf6 21.
Nxc5 Rxc5 22. Rxc5 Rxc5 23. b4 Rc6 24. Ra1 Qc8 25. h3 Rc2 26. Qd1 Qc3 27. Be1
Qc6 28. a4 d4 29. e4 Nxe4 30. dxe4 Qxe4 31. Qf3 Qxf3 32. gxf3 Rc7 33. Rd1 Rd7
34. Rd3 f6 35. Bg3 Rd5 36. Kg2 Kf7 37. Bf2 e5 38. fxe5 fxe5 39. Kf1 Ke6 40. Ke2
Kf5 41. Bg3 g5 42. Rd1 h5 43. Kd3 g4 44. hxg4+ hxg4 45. fxg4+ Kxg4 46. Bh2 1-0

[Event "Hillerod Byturnering 2017 Basis 2"]
[Site "Hillerod"]
[Date "????.??.??"]
[Round "3"]
[White "Jorgensen, Orla Eilegaard"]
[Black "Rosenkilde, Eilif"]
[Result "1/2-1/2"]
[WhiteElo "1731"]
[BlackElo "1655"]
[PlyCount "203"]
[EventType "tourn"]
[EventRounds "7"]
[EventCountry "DEN"]

1. f4 Nc6 2. Nf3 d6 3. e3 Nf6 4. b3 Bf5 5. Bb2 Nb4 6. d3 Qd7 7. Nbd2 O-O-O 8.
a3 Nc6 9. e4 Bg4 10. h3 Bxf3 11. Nxf3 h6 12. Nd4 Re8 13. Nxc6 Qxc6 14. a4 g5
15. e5 dxe5 16. fxe5 Nd5 17. c4 Nf4 18. Qd2 e6 19. O-O-O Qb6 20. Kc2 Bb4 21.
Bc3 Bxc3 22. Qxc3 Rd8 23. d4 c5 24. dxc5 Qxc5 25. g3 Rxd1 26. Kxd1 Rd8+ 27. Kc2
Ng6 28. Rh2 Nxe5 29. Rd2 Rxd2+ 30. Qxd2 Nf3 31. Qd1 Qf2+ 32. Be2 Nd4+ 33. Kd2
Nxe2 34. Qxe2 Qxg3 35. Kc2 Qxh3 36. Qd2 Qf5+ 37. Kb2 Qe5+ 38. Ka2 f5 39. Qb4
Qh2+ 40. Ka3 Kd7 41. Qb5+ Ke7 42. Qxb7+ Kf6 43. Qh7 Qd6+ 44. Ka2 Qh2+ 45. Ka3
g4 46. Qh8+ Kg5 47. Qg7+ Kf4 48. Qd4+ Kf3 49. Qd3+ Kg2 50. Qe2+ Kh3 51. Qe3+
Kg2 52. Qe2+ Kg3 53. Qe3+ Kg2 54. Qe2+ Kh1 55. Qe1+ Qg1 56. Qh4+ Kg2 57. Qxh6
Qc5+ 58. Ka2 Qf2+ 59. Ka3 Qe2 60. Qf4 g3 61. c5 Qf2 62. Qe5 Kf1 63. c6 g2 64.
Qb5+ Qe2 65. Qxe2+ Kxe2 66. c7 g1=Q 67. c8=Q Qa1+ 68. Kb4 Qd4+ 69. Qc4+ Qxc4+
70. bxc4 f4 71. c5 f3 72. c6 f2 73. c7 f1=Q 74. c8=Q Qb1+ 75. Ka3 Qd3+ 76. Kb4
Qd6+ 77. Kb3 Qd5+ 78. Ka3 Kd2 79. Qc7 Qd3+ 80. Kb4 Qb1+ 81. Ka5 Qf5+ 82. Ka6 e5
83. Qd6+ Qd3+ 84. Qxd3+ Kxd3 85. Kxa7 e4 86. Kb7 e3 87. a5 e2 88. a6 e1=Q 89.
a7 Qe4+ 90. Kb8 Qb4+ 91. Kc8 Qc5+ 92. Kb8 Qb6+ 93. Ka8 Qd6 94. Kb7 Qd7+ 95. Kb8
Qd6+ 96. Kb7 Qb4+ 97. Ka8 Qc5 98. Kb8 Qb6+ 99. Ka8 Qc6+ 100. Kb8 Qd6+ 101. Kb7
Qd7+ 102. Kb8 1/2-1/2

[Event "Hillerod Byturnering 2017 Basis 2"]
[Site "Hillerod"]
[Date "????.??.??"]
[Round "4"]
[White "Jorgensen, Orla Eilegaard"]
[Black "Eliasen, Rune"]
[Result "1/2-1/2"]
[WhiteElo "1731"]
[BlackElo "1651"]
[PlyCount "62"]
[EventType "tourn"]
[EventRounds "7"]
[EventCountry "DEN"]

1. f4 Nf6 2. Nf3 g6 3. e3 Bg7 4. Nc3 d6 5. d4 O-O 6. Bd3 e5 7. fxe5 dxe5 8.
Nxe5 Nbd7 9. Nf3 c6 10. e4 Nb6 11. Bg5 Qc7 12. Qd2 Be6 13. Bf4 Qd8 14. h4 Nc4
15. Qc1 Nh5 16. Bh6 Nxb2 17. Bxg7 Nxd3+ 18. cxd3 Kxg7 19. Ne2 Qa5+ 20. Nd2 Bg4
21. Rg1 Rad8 22. Qb2 Qb6 23. Qc3 Bxe2 24. Kxe2 Qxd4 25. Qxd4+ Rxd4 26. Nb3 Rd6
27. d4 Nf4+ 28. Ke3 Ne6 29. Rgd1 Rfd8 30. a4 b6 31. Rab1 f6 1/2-1/2

[Event "Hillerod Byturnering 2017 Basis 2"]
[Site "Hillerod"]
[Date "????.??.??"]
[Round "4"]
[White "Rabjerg, Hans Rasmus"]
[Black "Jarulf, Birger"]
[Result "0-1"]
[WhiteElo "1597"]
[BlackElo "1676"]
[PlyCount "84"]
[EventType "tourn"]
[EventRounds "7"]
[EventCountry "DEN"]

1. g3 d5 2. Nf3 Nf6 3. Bg2 c6 4. d3 Nbd7 5. Nbd2 e5 6. e4 dxe4 7. Nxe4 Nxe4 8.
dxe4 Be7 9. O-O O-O 10. b3 Qc7 11. Bb2 f6 12. Qe2 Nc5 13. Nd2 Be6 14. f4 Nd7
15. a4 Bc5+ 16. Kh1 exf4 17. Rxf4 Bd6 18. Rff1 Be5 19. Bxe5 Nxe5 20. Nf3 Rad8
21. Nxe5 Qxe5 22. Qe3 c5 23. Rad1 b6 24. Qe2 Rfe8 25. Qa6 Qc7 26. a5 Bc8 27.
axb6 axb6 28. Qe2 Re5 29. Rd5 Rde8 30. Rfd1 Kf7 31. Qc4 Kf8 32. Rd6 R5e6 33.
Qd5 Rxd6 34. Qxd6+ Re7 35. Qd8+ Kf7 36. Qh8 Kg6 37. Rd8 Bb7 38. Rg8 Qe5 39. h4
Bxe4 40. Bxe4+ Qxe4+ 41. Kh2 Qxc2+ 42. Kh3 Qf5+ 0-1

[Event "Hillerod Byturnering 2017 Basis 2"]
[Site "Hillerod"]
[Date "????.??.??"]
[Round "4"]
[White "Rosenkilde, Eilif"]
[Black "Pedersen, Jan"]
[Result "0-1"]
[WhiteElo "1655"]
[BlackElo "1529"]
[PlyCount "44"]
[EventType "tourn"]
[EventRounds "7"]
[EventCountry "DEN"]

1. e4 e5 2. f4 d5 3. exd5 exf4 4. Nf3 Qxd5 5. Nc3 Qe6+ 6. Be2 Bd6 7. d4 Nf6 8.
O-O O-O 9. Nb5 Nbd7 10. Nxd6 Qxd6 11. Qd2 Re8 12. Bc4 Nb6 13. Bb3 Be6 14. Ne5
Bxb3 15. axb3 a6 16. Qxf4 Rad8 17. c3 Nbd5 18. Qg3 Ne4 19. Nxf7 Nxg3 20. Nxd6
Ne2+ 21. Kf2 Rxd6 22. Re1 Rde6 0-1

[Event "Hillerod Byturnering 2017 Basis 2"]
[Site "Hillerod"]
[Date "????.??.??"]
[Round "5"]
[White "Christoffersen, Micki Aron"]
[Black "Jorgensen, Orla Eilegaard"]
[Result "0-1"]
[WhiteElo "1420"]
[BlackElo "1731"]
[PlyCount "88"]
[EventType "tourn"]
[EventRounds "7"]
[EventCountry "DEN"]

1. d4 Nf6 2. Bf4 d6 3. Nf3 g6 4. h3 Bg7 5. e3 O-O 6. Bd3 Nbd7 7. c3 Re8 8. Nbd2
e5 9. Bg5 h6 10. Bxf6 Nxf6 11. Qc2 c6 12. O-O Nh5 13. Rfe1 f5 14. e4 Nf4 15.
Bc4+ d5 16. exd5 cxd5 17. Bb5 e4 18. Bxe8 Qxe8 19. c4 Nd3 20. Re2 Qc6 21. Ne5
Bxe5 22. dxe5 Nxe5 23. Rc1 d4 24. Qb3 Be6 25. Qb5 Qc7 26. Nb3 d3 27. Rd2 Rc8
28. Nd4 Bxc4 29. Qa4 Qb6 30. Rxc4 Nxc4 31. Qd7 Rd8 32. Qe6+ Qxe6 33. Nxe6 Rd6
34. Rd1 Rxe6 35. Kf1 Nxb2 36. Rd2 Nc4 37. Rd1 Ra6 38. Ra1 f4 39. Ke1 e3 40.
fxe3 fxe3 41. Kd1 Rf6 42. Ke1 d2+ 43. Ke2 Rf2+ 44. Kd3 e2 0-1

[Event "Hillerod Byturnering 2017 Basis 2"]
[Site "Hillerod"]
[Date "????.??.??"]
[Round "5"]
[White "Eliasen, Rune"]
[Black "Rosenkilde, Eilif"]
[Result "1-0"]
[WhiteElo "1651"]
[BlackElo "1655"]
[PlyCount "63"]
[EventType "tourn"]
[EventRounds "7"]
[EventCountry "DEN"]

1. e4 Nc6 2. Nf3 f5 3. exf5 d5 4. d4 Bxf5 5. c3 e6 6. Bf4 Nf6 7. Bd3 Ne4 8.
Bxe4 dxe4 9. Ne5 Bd6 10. Nxc6 bxc6 11. Bg3 Qg5 12. Qd2 Qg4 13. h3 Qg6 14. Qe3
h5 15. O-O h4 16. Bxd6 cxd6 17. Nd2 Rh5 18. f4 d5 19. Rf2 Kd7 20. Kh1 Qh6 21.
Rg1 Rg8 22. Nf1 g5 23. Nh2 gxf4 24. Qxf4 Qg6 25. Ng4 Bxg4 26. hxg4 Rg5 27. Qf7+
Qxf7 28. Rxf7+ Kd6 29. Rgf1 Rxg4 30. Rh7 Rxg2 31. Rff7 e5 32. Rf6# 1-0

[Event "Hillerod Byturnering 2017 Basis 2"]
[Site "Hillerod"]
[Date "????.??.??"]
[Round "5"]
[White "Jarulf, Birger"]
[Black "Hein, Jacob"]
[Result "0-1"]
[WhiteElo "1676"]
[BlackElo "1475"]
[PlyCount "114"]
[EventType "tourn"]
[EventRounds "7"]
[EventCountry "DEN"]

1. d4 d6 2. Bf4 Nf6 3. h3 c6 4. c3 Bf5 5. Nd2 Qb6 6. Qb3 Nbd7 7. Ngf3 Be6 8. c4
Qa6 9. e3 b5 10. Ng5 bxc4 11. Bxc4 Bxc4 12. Qxc4 Qxc4 13. Nxc4 Nd5 14. Bg3 h6
15. Nf3 Nb4 16. Kd2 Nb6 17. b3 N4d5 18. Rhc1 Rc8 19. e4 Nf6 20. Kd3 d5 21. Ncd2
dxe4+ 22. Nxe4 Nxe4 23. Kxe4 e6 24. Rc2 Ba3 25. Ne5 f5+ 26. Kd3 O-O 27. Rxc6
Rxc6 28. Nc4 f4 29. Bh2 Be7 30. Re1 Nd5 31. Ne5 Nb4+ 32. Ke4 Rc2 33. Ng6 Nd5
34. Nxf8 Kxf8 35. Bxf4 Nxf4 36. Kxf4 Rxf2+ 37. Kg3 Rxa2 38. Rxe6 Kf7 39. Re3
Rd2 40. Rc3 Bd6+ 41. Kf3 Rxd4 42. Re3 Rf4+ 43. Ke2 Kg6 44. Re6+ Rf6 45. Re4 Bc5
46. Rg4+ Kf7 47. Kd3 Bb6 48. Kc4 g5 49. h4 Rf4+ 50. Rxf4+ gxf4 51. Kd5 Kf6 52.
Ke4 Be3 53. Kf3 Bd2 54. Kg4 Ke5 55. Kf3 Kd4 56. g4 fxg3 57. Kxg3 Kc3 0-1

[Event "Hillerod Byturnering 2017 Basis 2"]
[Site "Hillerod"]
[Date "????.??.??"]
[Round "5"]
[White "Pedersen, Jan"]
[Black "Rabjerg, Hans Rasmus"]
[Result "0-1"]
[WhiteElo "1529"]
[BlackElo "1597"]
[PlyCount "32"]
[EventType "tourn"]
[EventRounds "7"]
[EventCountry "DEN"]

1. d4 Nf6 2. Nc3 b6 3. e4 Bb7 4. e5 Nd5 5. Qf3 e6 6. Bc4 Bb4 7. Nge2 O-O 8. O-O
Nxc3 9. Qxb7 Nxe2+ 10. Bxe2 Nc6 11. Qa6 Nxd4 12. Bd3 Be7 13. Qc4 c5 14. Be4 Rc8
15. Qd3 h6 16. Qg3 Ne2+ 0-1

[Event "Hillerod Byturnering 2017 Basis 2"]
[Site "Hillerod"]
[Date "????.??.??"]
[Round "6"]
[White "Eliasen, Rune"]
[Black "Christoffersen, Micki Aron"]
[Result "1/2-1/2"]
[WhiteElo "1651"]
[BlackElo "1420"]
[PlyCount "116"]
[EventType "tourn"]
[EventRounds "7"]
[EventCountry "DEN"]

1. e4 e5 2. Bc4 d6 3. Nf3 Nc6 4. c3 Nf6 5. d3 Be7 6. h3 O-O 7. Nbd2 Na5 8. Bb3
Nxb3 9. axb3 c6 10. O-O d5 11. Nxe5 dxe4 12. Nxe4 Nxe4 13. dxe4 Qc7 14. Nf3 Bd6
15. Re1 Rd8 16. Qc2 Bf4 17. e5 Bxc1 18. Qxc1 Be6 19. Qc2 Re8 20. Ng5 g6 21.
Nxe6 Rxe6 22. f4 a6 23. Rad1 Rae8 24. Kf1 f6 25. Qd2 fxe5 26. Qd7 Qb8 27. Rxe5
Rxe5 28. fxe5 Qxe5 29. Kg1 Qe2 30. Rf1 Rf8 31. Rxf8+ Kxf8 32. Qc8+ Kg7 33.
Qxb7+ Kh6 34. Qxc6 Qxb2 35. Qxa6 Qc1+ 36. Kh2 Qf4+ 37. Kg1 Qc1+ 38. Qf1 Qxc3
39. Qb1 Qb4 40. Qb2 Qb6+ 41. Kh1 Qb4 42. Qc1+ g5 43. Qc6+ Kg7 44. Qd7+ Kg6 45.
Qe6+ Kg7 46. Qd5 Kh6 47. g4 Qe1+ 48. Kh2 Qf2+ 49. Qg2 Qf4+ 50. Qg3 Qd2+ 51. Kg1
Qc1+ 52. Kf2 Qc2+ 53. Ke1 Qc1+ 54. Ke2 Qb2+ 55. Kf1 Qb1+ 56. Kg2 Qc2+ 57. Qf2
Qe4+ 58. Kf1 Qb1+ 1/2-1/2

[Event "Hillerod Byturnering 2017 Basis 2"]
[Site "Hillerod"]
[Date "????.??.??"]
[Round "6"]
[White "Jorgensen, Orla Eilegaard"]
[Black "Jarulf, Birger"]
[Result "0-1"]
[WhiteElo "1731"]
[BlackElo "1676"]
[PlyCount "94"]
[EventType "tourn"]
[EventRounds "7"]
[EventCountry "DEN"]

1. e4 b6 2. d4 Bb7 3. Bd3 e6 4. Nf3 c5 5. c3 Nf6 6. Qe2 d5 7. e5 Nfd7 8. O-O
Qc8 9. Re1 Ba6 10. c4 dxc4 11. Bxc4 cxd4 12. Bxa6 Qxa6 13. Nxd4 Qxe2 14. Rxe2
Bc5 15. Nb5 Na6 16. Nd6+ Bxd6 17. exd6 O-O 18. Nc3 Rfd8 19. Bf4 Nac5 20. Rd1 g6
21. b4 Nb7 22. a4 Rac8 23. Rc1 Rc4 24. Re4 Rdc8 25. Rxc4 Rxc4 26. Ne2 Rxc1+ 27.
Bxc1 Nxd6 28. Nd4 e5 29. Nc6 b5 30. a5 f6 31. f3 Kf7 32. Kf2 Ke6 33. Nd8+ Kd5
34. Ke3 f5 35. Kd3 g5 36. Be3 e4+ 37. fxe4+ fxe4+ 38. Ke2 Ne5 39. Bd2 Nd3 40.
Ke3 Nc4+ 41. Ke2 Nxd2 42. Kxd2 Nxb4 43. Nf7 Nc6 44. Nxg5 h5 45. Nh3 Ke5 46. Ke3
Nxa5 47. Nf4 Nc4+ 0-1

[Event "Hillerod Byturnering 2017 Basis 2"]
[Site "Hillerod"]
[Date "????.??.??"]
[Round "6"]
[White "Rosenkilde, Eilif"]
[Black "Rabjerg, Hans Rasmus"]
[Result "0-1"]
[WhiteElo "1655"]
[BlackElo "1597"]
[PlyCount "78"]
[EventType "tourn"]
[EventRounds "7"]
[EventCountry "DEN"]

1. e4 d6 2. Bc4 Nf6 3. Nc3 c5 4. Nf3 Nc6 5. d4 cxd4 6. Nxd4 Bd7 7. Be3 Ng4 8.
O-O Nxe3 9. fxe3 e6 10. Qf3 Ne5 11. Qf4 Be7 12. Nf3 Nxc4 13. Ng5 Bf6 14. Nf3
O-O 15. Rab1 Qb6 16. Rfe1 e5 17. Qg3 Nxe3 18. Kh1 Ng4 19. Re2 Rac8 20. Nd5 Qd8
21. h3 Nh6 22. Rf1 Bb5 23. Nxf6+ Qxf6 24. Nd2 Qxf1+ 25. Nxf1 Bxe2 26. Ne3 f5
27. Qf2 Ba6 28. exf5 g6 29. f6 Bc4 30. b3 Be6 31. g4 Rc7 32. Qh4 Nf7 33. g5 d5
34. Kg2 d4 35. Ng4 Bxg4 36. Qxg4 Rxc2+ 37. Kf3 Rfc8 38. Qe6 e4+ 39. Kf4 d3 0-1

[Event "Hillerod Byturnering 2017 Basis 2"]
[Site "Hillerod"]
[Date "????.??.??"]
[Round "7"]
[White "Jarulf, Birger"]
[Black "Eliasen, Rune"]
[Result "1/2-1/2"]
[WhiteElo "1676"]
[BlackElo "1651"]
[PlyCount "53"]
[EventType "tourn"]
[EventRounds "7"]
[EventCountry "DEN"]

1. d4 Nf6 2. Bf4 g6 3. e3 Bg7 4. Be2 d6 5. h3 O-O 6. c4 Nbd7 7. Nf3 Qe8 8. O-O
e5 9. Bh2 h6 10. Nc3 c6 11. b4 Qe6 12. Qb3 e4 13. Nd2 d5 14. c5 Nh7 15. b5 f5
16. bxc6 bxc6 17. Rfb1 g5 18. Bd6 Rf7 19. Qa4 Nxc5 20. Bxc5 Bf8 21. Bxf8 Nxf8
22. Nb3 Qd6 23. Nc5 f4 24. Bf1 fxe3 25. fxe3 Bxh3 26. Ne2 Qf6 27. gxh3 1/2-1/2